Anything Like Me - Poppy - Statistics

General Stats
  • This quiz has been taken 6 times
  • The average score is 218 of 272
Answer Stats
% Correct
a
100%
be
100%
for
100%
gun
100%
me
100%
you
100%
You
100%
Your
100%
your
100%
anything
80%
at
80%
beating
80%
because
80%
blood
80%
call
80%
die
80%
feel
80%
fight
80%
Get
80%
hand
80%
heart
80%
her
80%
I
80%
I'm
80%
in
80%
like
80%
making
80%
my
80%
neck,
80%
of
80%
on
80%
out
80%
Out
80%
pray
80%
press,
80%
scene
80%
shouldn't
80%
stop
80%
Stop,
80%
teeth
80%
the
80%
to
80%
up
80%
won
80%
all
60%
and
60%
attention
60%
become
60%
becoming
60%
coming
60%
due
60%
everyone's
60%
everything
60%
far
60%
fool
60%
fun
60%
give
60%
Go
60%
gonna
60%
how
60%
If
60%
I'll
60%
is
60%
isn't
60%
it
60%
it's
60%
I've
60%
more
60%
never
60%
no
60%
not
60%
Now
60%
one
60%
reaction
60%
respect,
60%
see
60%
she
60%
someone
60%
Sorry
60%
start
60%
take
60%
Take
60%
test,
60%
then
60%
this
60%
This
60%
was
60%
what
60%
when
60%
with
60%
You'll
60%
you're
60%
You're
60%
let's
40%
Love
40%
never-ending
0%
No matching quizzes found
Score Distribution
Percent of People with Each Score
Percentile by Number Answered
Your Score History
You have not taken this quiz